[Event "otb"]
[Site "otb"]
[Date "2007.04.15"]
[Round "1.1"]
[White "Beliavsky Alexander G"]
[Black "Avrukh Boris"]
[Result "0-1"]
[WhiteElo "2648"]
[BlackElo "2644"]
[PlyCount "93"]
[Source "www.chesslib.no"]
[SourceDate "2004.05.04"]

1. d4 Nf6 2. c4 g6 3. Nc3 d5 4. Nf3 Bg7 5. Qb3 dxc4 6. Qxc4 O-O 7. e4 Nc6 8. Be3 Ng4 9. Rd1 e5 10. d5 Nb8 11. Be2 a6 12. O-O Qd6 13. Nd2 Nd7 14. Qd3 Nb6 15. Nb3 Bd7 16. Rc1 Bh6 17. Nd1 Na4 18. Na5 Qb4 19. Nc4 Bb5 20. a3 Qe7 21. Qc2 Nc5 22. b4 Ba4 23. Qb1 Bxd1 24. Bxd1 Nd7 25. Rc3 Ngf6 26. Na5 Rab8 27. Bf3 Ne8 28. Qd3 Nd6 29. Rfc1 f5 30. Rxc7 Qh4 31. Qe2 fxe4 32. Bg4 Bxe3 33. Qxe3 Qxg4 34. h3 Qf4 35. Nc4 Nb5 36. Rc8 Rbxc8 37. Qxf4 exf4 38. Nd6 Rc3 39. Nxe4 f3 40. Nd2 Rc2 41. d6 Rd8 42. Nxf3 Rd2 43. Ng5 h6 44. Nf3 Rd4 45. Nxd4 h5 46. g4 hxg4 47. hxg4 0-1

[Event "Kislovodsk tt"]
[Site "Kislovodsk"]
[Date "1982.??.??"]
[Round "?"]
[White "Balashov, Yuri S"]
[Black "Romanishin, Oleg M"]
[Result "0-1"]
[WhiteElo "2595"]
[BlackElo "2580"]
[PlyCount "54"]
[EventDate "1982.??.??"]
[Source "www.chesslib.no"]
[SourceDate "2004.05.04"]

1. d4 Nf6 2. c4 g6 3. Nc3 d5 4. Nf3 Bg7 5. Qb3 dxc4 6. Qxc4 O-O 7. e4 Nc6 8. h3 a5 9. Be2 Nd7 10. Be3 Nb6 11. Qd3 f5 12. Qd2 e5 13. d5 Nb4 14. Bxb6 cxb6 15. a3 Na6 16. exf5 Bxf5 17. O-O Nc5 18. d6 Kh8 19. Rad1 e4 20. Nh2 Qh4 21. Qe3 Rad8 22. Bg4 Qf6 23. f3 exf3 24. Bxf3 Rxd6 25. Bd5 Qd8 26. Nf3 Na4 27. Bb3 Nxb2 0-1

[Event "Bad Godesberg"]
[Site "?"]
[Date "1996.??.??"]
[Round "?"]
[White "Gurevich, M."]
[Black "Zagorskis, D."]
[Result "1/2-1/2"]
[WhiteElo "2605"]
[BlackElo "2520"]
[PlyCount "91"]
[EventDate "1996.??.??"]
[Source "ChessBase"]
[SourceDate "1996.06.01"]

1. d4 Nf6 2. c4 g6 3. Nc3 d5 4. Nf3 Bg7 5. Qb3 dxc4 6. Qxc4 O-O 7. e4 Nc6 8. Bf4 Nh5 9. Be3 Bg4 10. e5 Bxf3 11. gxf3 e6 12. h4 Qe7 13. f4 Qb4 14. Qxb4 Nxb4 15. Rc1 Bh6 16. a3 Nc6 17. Ne2 Ne7 18. Rxc7 Nd5 19. Rxb7 Rab8 20. Rxb8 Rxb8 21. Bc1 a5 22. Rh3 Nhxf4 23. Nxf4 Bxf4 24. Kd1 Rd8 25. Rd3 Kg7 26. Bd2 Bxd2 27. Rxd2 Kh6 28. Be2 g5 29. hxg5+ Kxg5 30. Bf3 h5 31. Ke2 h4 32. Kf1 Kf4 33. Bh1 a4 34. Kg1 Ne7 35. Kh2 Nf5 36. d5 Kxe5 37. Re2+ Kf6 38. dxe6 fxe6 39. Kh3 Rd3+ 40. Kh2 Rd4 41. Be4 Kg5 42. Ba8 Kf6 43. Kg2 e5 44. Be4 Kg5 45. Bxf5 Kxf5 46. Re3 1/2-1/2

[Event "Valle d'Aosta op 10th"]
[Site "Valle d'Aosta"]
[Date "2002.02.12"]
[Round "4"]
[White "Epishin, Vladimir"]
[Black "Roiz, Michael"]
[Result "1-0"]
[WhiteElo "2599"]
[BlackElo "2507"]
[PlyCount "53"]
[EventDate "2002.02.09"]
[Source "ChessBase"]
[SourceDate "2002.03.14"]

1. d4 Nf6 2. c4 g6 3. Nc3 d5 4. Nf3 Bg7 5. Qb3 dxc4 6. Qxc4 O-O 7. e4 Nc6 8. Bg5 Bg4 9. O-O-O Nd7 10. e5 Nb6 11. Qc5 f6 12. Be3 Kh8 13. e6 f5 14. d5 Bxf3 15. gxf3 Ne5 16. Bg5 Nc8 17. Qe3 f4 18. Bxf4 Rxf4 19. Qxf4 Nd6 20. Kb1 c5 21. h4 Qb6 22. h5 Rf8 23. Qc1 gxh5 24. Rxh5 Rxf3 25. Be2 Rxc3 26. Qxc3 Nd3 27. Rxh7+ 1-0

[Event "Pamplona"]
[Site "?"]
[Date "1999.??.??"]
[Round "?"]
[White "Lautier, J."]
[Black "De la Villa Garcia, J."]
[Result "1-0"]
[WhiteElo "2635"]
[BlackElo "2470"]
[PlyCount "63"]
[EventDate "1999.??.??"]
[Source "Chess Informant"]
[SourceDate "1999.10.01"]

1. d4 Nf6 2. Nf3 g6 3. c4 Bg7 4. Nc3 d5 5. Qb3 dxc4 6. Qxc4 O-O 7. e4 Nc6 8. Be2 Nd7 9. d5 Nce5 10. Nxe5 Bxe5 11. Bg5 Nb6 12. Qc5 f6 13. Bh6 Rf7 14. f4 Bd6 15. Qf2 e6 16. dxe6 Bxe6 17. O-O Bc4 18. Rad1 Bxe2 19. Qxe2 Qe8 20. Rd3 Rd8 21. Rg3 Bf8 22. Bxf8 Qxf8 23. f5 Rg7 24. Kh1 gxf5 25. Rxg7+ Qxg7 26. Rxf5 c6 27. h3 Nd7 28. Qf2 a6 29. Ne2 Kh8 30. Ng3 Re8 31. Nh5 Qe7 32. Nxf6 1-0

[Event "ISR Ch"]
[Site "Tel Aviv ISR"]
[Date "1994.??.??"]
[Round "11"]
[White "Soffer, Ram"]
[Black "Khenkin, Igor"]
[Result "1-0"]
[WhiteElo "2520"]
[BlackElo "2555"]
[PlyCount "89"]
[EventDate "1994.10.??"]
[Source "www.chesslib.no"]
[SourceDate "2004.05.04"]

1. d4 Nf6 2. c4 g6 3. Nc3 d5 4. Nf3 Bg7 5. Qb3 dxc4 6. Qxc4 O-O 7. e4 Nc6 8. Be2 Nd7 9. Be3 Nb6 10. Qc5 f5 11. Rd1 f4 12. Bc1 Qd6 13. Qb5 Nxd4 14. Nxd4 Bxd4 15. Qb3+ Be6 16. Rxd4 Bxb3 17. Rxd6 exd6 18. axb3 c6 19. h4 Rae8 20. Rh3 Rf6 21. Kd1 Nd7 22. f3 d5 23. exd5 cxd5 24. Bb5 Rd8 25. Ne2 Rb6 26. Nd4 Nc5 27. b4 Nb3 28. Nxb3 Rxb5 29. Bd2 d4 30. Rh1 Kf7 31. Re1 Re8 32. Rxe8 Kxe8 33. Nxd4 Rh5 34. Bxf4 Rxh4 35. Ne2 h6 36. Ke1 g5 37. Bd2 Kd7 38. Kf2 Ke6 39. Bc3 Kd5 40. Ng3 Rf4 41. Ne4 Rh4 42. Kg1 Rf4 43. Bg7 h5 44. Bh6 Kc4 45. g3 1-0

[Event "Hungary HUN"]
[Site "?"]
[Date "2005.12.04"]
[Round "5"]
[White "Gyimesi Zoltan"]
[Black "Okhotnik Vladimir"]
[Result "1-0"]
[WhiteElo "2624"]
[BlackElo "2440"]
[PlyCount "69"]
[EventDate "2005.??.??"]
[Source "www.chesslib.no"]
[SourceDate "2004.05.04"]

1. d4 Nf6 2. c4 g6 3. Nc3 d5 4. Nf3 Bg7 5. Qb3 dxc4 6. Qxc4 O-O 7. e4 Nc6 8. Be2 e5 9. d5 Nd4 10. Nxd4 exd4 11. Qxd4 c6 12. Qc4 cxd5 13. exd5 Bf5 14. O-O Rc8 15. Qb3 Ne4 16. Nxe4 Bxe4 17. Bf3 Bxf3 18. Qxf3 Rc5 19. Rd1 Re8 20. d6 Qd7 21. Be3 Rc6 22. Rac1 Rec8 23. Rxc6 Rxc6 24. Qh3 Qxh3 25. gxh3 Bf6 26. Bxa7 Bd8 27. Bb8 f6 28. Re1 Kf8 29. b4 b5 30. d7 Be7 31. a4 Kf7 32. axb5 Re6 33. Rd1 Bd8 34. Ba7 Re4 35. Bc5 1-0

[Event "ISR Ch"]
[Site "Tel Aviv ISR"]
[Date "1994.??.??"]
[Round "8"]
[White "Milov, Vadim"]
[Black "Tseitlin, Mark D"]
[Result "1/2-1/2"]
[WhiteElo "2585"]
[BlackElo "2470"]
[PlyCount "139"]
[EventDate "1994.10.??"]
[Source "www.chesslib.no"]
[SourceDate "2004.05.04"]

1. d4 Nf6 2. c4 g6 3. Nc3 d5 4. Nf3 Bg7 5. Qb3 dxc4 6. Qxc4 O-O 7. e4 Nc6 8. e5 Nd7 9. Be3 Nb6 10. Qc5 a5 11. Be2 Nb4 12. O-O c6 13. Ne4 Bf5 14. Nfd2 N6d5 15. Ng3 Be6 16. a4 Nxe3 17. fxe3 Bh6 18. Ra3 Nd5 19. Rf3 Bg4 20. Rf2 Nxe3 21. Bxg4 Nxg4 22. Re2 b6 23. Qc3 c5 24. dxc5 bxc5 25. Nf3 Qb6 26. Rb3 Qe6 27. h3 Bf4 28. Nf1 Nf6 29. Rb5 Nd7 30. Re4 Qf5 31. Qe1 h5 32. Nh4 Qg5 33. Nf3 Qf5 34. Nh4 Qg5 35. Nf3 Qf5 36. Qe2 Bh6 37. e6 Nf6 38. Ng3 Qd5 39. exf7+ Rxf7 40. Rxe7 Bf4 41. Ne4 Nxe4 42. Qxe4 Qd1+ 43. Qe1 Rd8 44. Re8+ Rf8 45. Rxf8+ Kxf8 46. Qxd1 Rxd1+ 47. Kf2 Rc1 48. Nh4 Kf7 49. Rb7+ Ke6 50. Nxg6 Bd6 51. Rb5 Kd5 52. Kf3 Rf1+ 53. Ke2 Rf6 54. Nh4 Rf4 55. g3 Rxa4 56. Nf5 Be5 57. Kd2 Ra1 58. Kc2 Kc6 59. Rb3 Rf1 60. Ne7+ Kd6 61. Ng6 Rf2+ 62. Kb1 Bd4 63. g4 hxg4 64. hxg4 a4 65. Rb7 Kc6 66. Rb8 Rg2 67. Ne7+ Kc7 68. Rb5 Rxg4 69. Ra5 Bf2 70. Nd5+ 1/2-1/2

[Event "It (open)"]
[Site "?"]
[Date "2005.01.15"]
[Round "9"]
[White "Epishin Vladimir"]
[Black "Barrientos Chavarriaga Sergio"]
[Result "1-0"]
[WhiteElo "2614"]
[BlackElo "2432"]
[PlyCount "61"]
[EventDate "2005.??.??"]
[Source "www.chesslib.no"]
[SourceDate "2004.05.04"]

1. d4 Nf6 2. c4 g6 3. Nc3 d5 4. Nf3 Bg7 5. Qb3 dxc4 6. Qxc4 O-O 7. e4 Nc6 8. Bg5 Bg4 9. O-O-O Nd7 10. e5 Nb6 11. Qc5 f6 12. Be3 fxe5 13. dxe5 Qc8 14. h4 Qe6 15. Ng5 Qxe5 16. f3 Bc8 17. Re1 h6 18. Qxe5 Nxe5 19. Bd4 Nc6 20. Bxg7 Kxg7 21. Nge4 a6 22. Bd3 Nb4 23. Nc5 Bf5 24. Bb1 N6d5 25. Nxd5 Nxd5 26. Be4 Bxe4 27. Rxe4 Rf6 28. Rd4 c6 29. Nxb7 Rb8 30. Na5 Rb5 31. Nc4 1-0

[Event "Gibraltar Masters"]
[Site "?"]
[Date "2003.02.06"]
[Round "10"]
[White "Epishin Vladimir"]
[Black "Ledger Andrew"]
[Result "1/2-1/2"]
[WhiteElo "2626"]
[BlackElo "2397"]
[PlyCount "157"]
[EventDate "2003.??.??"]
[Source "www.chesslib.no"]
[SourceDate "2004.05.04"]

1. d4 Nf6 2. c4 g6 3. Nc3 d5 4. Nf3 Bg7 5. Qb3 dxc4 6. Qxc4 O-O 7. e4 Nc6 8. Bg5 h6 9. Be3 Ng4 10. e5 Nxe3 11. fxe3 e6 12. h4 Ne7 13. h5 Bd7 14. Bd3 Rc8 15. hxg6 fxg6 16. O-O-O c5 17. dxc5 Qa5 18. Kb1 Rxc5 19. Qb3 Rfc8 20. Bc4 Rxc4 21. Rxd7 R4c6 22. Rxb7 Nf5 23. Rb5 Qa6 24. Nd4 Rc4 25. Nxf5 gxf5 26. Rd1 Qc6 27. a4 Qxg2 28. Rd8+ Rxd8 29. Qxc4 Qg6 30. Ka2 Qe8 31. Ne2 Rc8 32. Qb3 a6 33. Rb6 Rc6 34. Rxc6 Qxc6 35. Nd4 Qd5 36. Qxd5 exd5 37. Nxf5 h5 38. Nxg7 Kxg7 39. b4 h4 40. b5 axb5 41. axb5 h3 42. b6 h2 43. b7 h1=Q 44. b8=Q Qe4 45. Qa7+ Kf8 46. Qc5+ Kf7 47. Qc7+ Ke8 48. Qc6+ Kf7 49. Qd7+ Kg8 50. e6 Qxe3 51. e7 Qe2+ 52. Ka3 Qa6+ 53. Kb4 Qb6+ 54. Ka4 Qa6+ 55. Kb3 Qc4+ 56. Kb2 Qb4+ 57. Kc2 Qc4+ 58. Kd2 Qd4+ 59. Ke2 Qe4+ 60. Kf2 Qf4+ 61. Kg2 Qe4+ 62. Kg3 Qg6+ 63. Kf2 Qc2+ 64. Kg1 Qd1+ 65. Kg2 Qc2+ 66. Kh3 Qh7+ 67. Kg3 Qg6+ 68. Kf4 Qf6+ 69. Ke3 Qe5+ 70. Kf3 Qe4+ 71. Kg3 Qg6+ 72. Kf2 Qc2+ 73. Ke3 Qe4+ 74. Kd2 Qd4+ 75. Kc2 Qc4+ 76. Kb2 Qe2+ 77. Ka3 Qa6+ 78. Kb4 Qb6+ 79. Ka4 1/2-1/2

[Event "Mirko Srajber mem 8th"]
[Site "Subotica"]
[Date "2003.12.05"]
[Round "8"]
[White "Markus, Robert"]
[Black "Lupulescu, Constantin"]
[Result "1-0"]
[WhiteElo "2522"]
[BlackElo "2499"]
[PlyCount "105"]
[EventDate "2003.11.06"]
[Source "ChessBase"]
[SourceDate "2004.03.30"]

1. d4 Nf6 2. c4 g6 3. Nc3 d5 4. Nf3 Bg7 5. Qb3 dxc4 6. Qxc4 O-O 7. e4 Nc6 8. Bf4 Nh5 9. Be3 Bg4 10. O-O-O Bxf3 11. gxf3 e5 12. d5 Nd4 13. f4 Nf3 14. f5 Nd4 15. fxg6 hxg6 16. h4 c5 17. Qxc5 Rc8 18. Qa3 Re8 19. Kb1 a6 20. Rc1 b5 21. Ne2 Qf6 22. Rxc8 Rxc8 23. Qd3 Rc4 24. Nc1 Qf3 25. Rg1 Nf4 26. Bxf4 Qxf4 27. Qe3 Qxe3 28. fxe3 Nf3 29. Bxc4 Nxg1 30. Bf1 Nf3 31. Kc2 Bf8 32. Nd3 Bd6 33. b4 Kf8 34. Nc5 Nxh4 35. Nxa6 f5 36. exf5 Nxf5 37. Kd2 g5 38. Bxb5 g4 39. Bd3 g3 40. Be4 Nh4 41. Ke2 Ke7 42. Nc5 Bc7 43. Nd3 Bb6 44. Ne1 Bc7 45. Ng2 Nxg2 46. Bxg2 Bb6 47. a4 Kd6 48. Kd3 Kd7 49. a5 Ba7 50. b5 Bc5 51. b6 Kc8 52. Kc4 Bxe3 53. Kb5 1-0

[Event "Biel izt"]
[Site "Biel"]
[Date "1993.??.??"]
[Round "9"]
[White "Lima, D."]
[Black "Malisauskas, V."]
[Result "1/2-1/2"]
[WhiteElo "2475"]
[BlackElo "2540"]
[PlyCount "59"]
[EventDate "1993.??.??"]
[Source "www.chesslib.no"]
[SourceDate "2004.05.04"]

1. d4 Nf6 2. c4 g6 3. Nc3 d5 4. Nf3 Bg7 5. Qb3 dxc4 6. Qxc4 O-O 7. e4 Nc6 8. Be3 Ng4 9. O-O-O Nxe3 10. fxe3 Bh6 11. d5 Bxe3+ 12. Kb1 Nb8 13. h4 h5 14. e5 Bg4 15. Bd3 Bh6 16. e6 f5 17. Rde1 Bg7 18. Nh2 c6 19. Nxg4 hxg4 20. h5 cxd5 21. Nxd5 Na6 22. hxg6 Qd6 23. Rd1 Rac8 24. Qf4 Qxd5 25. Rh8+ Bxh8 26. Qh6 Rc1+ 27. Rxc1 Qxd3+ 28. Rc2 Qd1+ 29. Rc1 Qd3+ 30. Rc2 1/2-1/2

[Event "Saint Vincent op"]
[Site "Saint Vincent"]
[Date "1998.??.??"]
[Round "5"]
[White "Farago, Ivan"]
[Black "Djuric, Stefan"]
[Result "1/2-1/2"]
[WhiteElo "2475"]
[BlackElo "2520"]
[PlyCount "41"]
[EventDate "1998.??.??"]
[Source "www.chesslib.no"]
[SourceDate "2004.05.04"]

1. d4 g6 2. c4 Nf6 3. Nc3 d5 4. Nf3 Bg7 5. Qb3 dxc4 6. Qxc4 O-O 7. e4 Nc6 8. Be2 Nd7 9. Be3 Nb6 10. Qc5 Nd7 11. Qc4 Nb6 12. Qc5 Nd7 13. Qd5 e5 14. Rd1 exd4 15. Nxd4 Nxd4 16. Bxd4 c6 17. Qd6 Bxd4 18. Rxd4 Qb6 19. Rd2 Nc5 20. O-O Be6 21. Rfd1 1/2-1/2

[Event "Campionato europeo 2007"]
[Site "Dresda GER"]
[Date "2007.04.08"]
[Round "6.101"]
[White "Atalik, Suat"]
[Black "Khmelniker, Ilya"]
[Result "1/2-1/2"]
[WhiteElo "2584"]
[BlackElo "2411"]
[PlyCount "75"]
[EventDate "2007.04.03"]
[Source "www.chesslib.no"]
[SourceDate "2004.05.04"]

1. d4 Nf6 2. c4 g6 3. Nc3 d5 4. Nf3 Bg7 5. Qb3 dxc4 6. Qxc4 O-O 7. e4 Nc6 8. Bg5 Bg4 9. O-O-O Nd7 10. e5 Nb6 11. Qc5 f6 12. Be3 fxe5 13. dxe5 Qe8 14. Be2 Kh8 15. Rhe1 Rf5 16. Qb5 Bxf3 17. Bxf3 Rxe5 18. Bxc6 bxc6 19. Qb3 Qg8 20. Bd4 Qxb3 21. axb3 Rxe1 22. Bxg7+ Kxg7 23. Rxe1 Kf7 24. Re5 Nd7 25. Ra5 e6 26. h4 Ke7 27. Ne4 Nb6 28. Re5 Kd7 29. Nf6+ Kd6 30. Ra5 Nd5 31. Nxh7 Rh8 32. Ng5 Rxh4 33. g3 Rh1+ 34. Kd2 Rf1 35. f4 Rf2+ 36. Kc1 Rf1+ 37. Kd2 Rf2+ 38. Kc1 1/2-1/2

[Event "ISR-chT"]
[Site "Israel"]
[Date "1999.03.19"]
[Round "8"]
[White "Gershon, Alik"]
[Black "Greenfeld, Alon"]
[Result "1-0"]
[WhiteElo "2467"]
[BlackElo "2520"]
[PlyCount "64"]
[EventDate "1999.01.??"]
[Source "ChessBase"]
[SourceDate "1999.06.08"]

1. d4 Nf6 2. c4 g6 3. Nc3 d5 4. Nf3 Bg7 5. Qb3 dxc4 6. Qxc4 O-O 7. e4 Nc6 8. Be3 Ng4 9. e5 Na5 10. Qd5 c5 11. Qxc5 Be6 12. d5 Nxe3 13. fxe3 Bg4 14. Qd4 Bxf3 15. gxf3 f6 16. b4 fxe5 17. Qe4 Rc8 18. Nd1 e6 19. dxe6 Nc6 20. Bh3 Ne7 21. O-O b5 22. Nb2 Nf5 23. Rad1 Qg5+ 24. Kh1 Qe7 25. Rd7 Qxe6 26. Bxf5 Qxf5 27. Qb7 Bf6 28. Nd3 Qh3 29. Kg1 Rc2 30. Nf2 Qh4 31. Ng4 Qg5 32. Rxh7 Rb8 1-0

[Event "Graz Open"]
[Site "Graz AUT"]
[Date "1987.??.??"]
[Round "4"]
[White "Kozul, Zdenko"]
[Black "Gutman, Lev"]
[Result "1/2-1/2"]
[WhiteElo "2450"]
[BlackElo "2530"]
[PlyCount "50"]
[EventDate "1987.10.??"]
[Source "www.chesslib.no"]
[SourceDate "2004.05.04"]

1. d4 Nf6 2. Nf3 g6 3. c4 Bg7 4. Nc3 d5 5. Qb3 dxc4 6. Qxc4 O-O 7. e4 Nc6 8. Bf4 Nh5 9. Be3 Bg4 10. e5 Na5 11. Qa4 c5 12. Rd1 Nc6 13. Ra1 Na5 14. Rd1 Nc6 15. Be2 Qb8 16. dxc5 Nxe5 17. Nxe5 Bxe2 18. Nd7 Bxd1 19. Qxd1 Qd8 20. Nxf8 Bxc3+ 21. bxc3 Qxd1+ 22. Kxd1 Kxf8 23. Kc2 Rc8 24. Rb1 Rc7 25. c6 b6 1/2-1/2

[Event "Pardubice Open"]
[Site "Pardubice CZE"]
[Date "1995.??.??"]
[Round "?"]
[White "Guseinov, Aidyn"]
[Black "Zagorskis, Darius"]
[Result "1/2-1/2"]
[WhiteElo "2425"]
[BlackElo "2550"]
[PlyCount "56"]
[EventDate "1995.07.??"]
[Source "www.chesslib.no"]
[SourceDate "2004.05.04"]

1. d4 Nf6 2. c4 g6 3. Nc3 d5 4. Nf3 Bg7 5. Qb3 dxc4 6. Qxc4 O-O 7. e4 Nc6 8. Bg5 h6 9. Bh4 Bg4 10. d5 Na5 11. Qb4 Bxf3 12. gxf3 b6 13. Bb5 a6 14. Ba4 Qd6 15. a3 Qf4 16. Bg3 Qxf3 17. O-O Rfc8 18. Bd1 Qd3 19. Be2 Qc2 20. e5 Ne8 21. Rac1 Qb3 22. Qxe7 Qxb2 23. e6 f5 24. Qf7+ Kh7 25. Be5 Nb7 26. Bh5 gxh5 27. Qxf5+ Kh8 28. Qf8+ Kh7 1/2-1/2

[Event "Carlos Torre mem 14th"]
[Site "Merida"]
[Date "2001.12.19"]
[Round "6"]
[White "Gonzalez Garcia, Jose"]
[Black "Vera, Reynaldo"]
[Result "1/2-1/2"]
[WhiteElo "2411"]
[BlackElo "2557"]
[PlyCount "38"]
[EventDate "2001.12.01"]
[Source "ChessBase"]
[SourceDate "2002.01.21"]

1. d4 Nf6 2. c4 g6 3. Nc3 d5 4. Nf3 Bg7 5. Qb3 dxc4 6. Qxc4 O-O 7. e4 Nc6 8. d5 Na5 9. Qb4 b6 10. Be2 c5 11. Qa4 e6 12. dxe6 Bxe6 13. O-O Qd7 14. Bb5 Qb7 15. e5 Ng4 16. Bf4 a6 17. Bd3 Nc6 18. Be4 b5 19. Qc2 Qc7 1/2-1/2

[Event "DEN-ch"]
[Site "Aalborg"]
[Date "2000.04.23"]
[Round "8"]
[White "Pedersen, Steffen"]
[Black "Schandorff, Lars"]
[Result "1/2-1/2"]
[WhiteElo "2454"]
[BlackElo "2511"]
[PlyCount "46"]
[EventDate "2000.04.15"]
[Source "ChessBase"]
[SourceDate "2000.07.27"]

1. d4 Nf6 2. c4 g6 3. Nc3 d5 4. Nf3 Bg7 5. Qb3 dxc4 6. Qxc4 O-O 7. e4 Nc6 8. Bf4 Nh5 9. Be3 Bg4 10. d5 Ne5 11. Nxe5 Bxe5 12. g3 Bf3 13. Rg1 c6 14. Be2 cxd5 15. Nxd5 Bxe2 16. Kxe2 e6 17. Nc3 Qa5 18. Qc5 Qxc5 19. Bxc5 Rfc8 20. Be3 Nf6 21. f3 a6 22. Rgc1 Nd7 23. Nd1 Kf8 1/2-1/2

[Event "Warsaw zt-B"]
[Site "Warsaw"]
[Date "1987.??.??"]
[Round "?"]
[White "Staniszewski, Piotr"]
[Black "Ftacnik, Lubomir"]
[Result "1-0"]
[WhiteElo "2420"]
[BlackElo "2540"]
[PlyCount "129"]
[EventDate "1987.02.??"]
[Source "ChessBase"]

1. d4 Nf6 2. c4 g6 3. Nc3 d5 4. Nf3 Bg7 5. Qb3 dxc4 6. Qxc4 O-O 7. e4 Nc6 8. h3 Nd7 9. Be3 Nb6 10. Qc5 f5 11. e5 a5 12. Bf4 Nb4 13. Rc1 c6 14. a3 N4d5 15. Nxd5 Nxd5 16. Bc4 e6 17. Bxd5 exd5 18. Bg5 Qd7 19. O-O h6 20. e6 Qc7 21. Be7 Re8 22. Bd6 b6 23. Bxc7 bxc5 24. Rxc5 Rxe6 25. Rxa5 Rxa5 26. Bxa5 Ba6 27. Re1 Re4 28. Bb6 Kf7 29. Rc1 Re2 30. Rxc6 Rxb2 31. Ne5+ Bxe5 32. dxe5 Bb5 33. Rf6+ Kg7 34. Rd6 Rd2 35. Bc5 f4 36. e6 Re2 37. Bd4+ Kf8 38. Bf6 Re1+ 39. Kh2 Be8 40. h4 Re2 41. f3 d4 42. Rxd4 Rxe6 43. Rxf4 Kg8 44. Bc3 Re3 45. Bb4 h5 46. Kg3 Re6 47. Rc4 Bb5 48. Rc5 Bf1 49. Rc1 Bd3 50. a4 Rb6 51. Rc8+ Kf7 52. Bc3 Rb3 53. a5 Ra3 54. Kf4 Ra4+ 55. Ke5 Rxh4 56. Bd4 g5 57. Rc7+ Kg8 58. Rc8+ Kf7 59. Rc7+ Kg8 60. Rc6 Rh2 61. a6 Bxa6 62. Rxa6 Rxg2 63. Kf6 Rg3 64. Kg6 Rxf3 65. Bc5 1-0

[Event "Vrnjacka Banja"]
[Site "Vrnjacka Banja"]
[Date "1984.??.??"]
[Round "?"]
[White "Spassov, Liuben"]
[Black "Simic, Radoslav"]
[Result "1/2-1/2"]
[WhiteElo "2475"]
[BlackElo "2485"]
[PlyCount "25"]
[EventDate "1984.04.??"]
[Source "ChessBase"]

1. d4 Nf6 2. c4 g6 3. Nc3 d5 4. Nf3 Bg7 5. Qb3 dxc4 6. Qxc4 O-O 7. e4 Nc6 8. Be2 e5 9. dxe5 Ng4 10. O-O Ngxe5 11. Nxe5 Nxe5 12. Qb3 Nc6 13. Qa4 1/2-1/2

[Event "ISR-ch"]
[Site "Ramat Aviv/Modiin"]
[Date "2000.12.25"]
[Round "8"]
[White "Gershon, Alik"]
[Black "Tseitlin, Mark D"]
[Result "1-0"]
[WhiteElo "2502"]
[BlackElo "2445"]
[PlyCount "107"]
[EventDate "2000.12.17"]
[Source "ChessBase"]
[SourceDate "2001.03.20"]

1. d4 Nf6 2. c4 g6 3. Nc3 d5 4. Nf3 Bg7 5. Qb3 dxc4 6. Qxc4 O-O 7. e4 Nc6 8. e5 Nd7 9. Be3 Nb6 10. Qc5 a5 11. Be2 Nb4 12. O-O c6 13. Ne4 Bf5 14. Ng3 Bd3 15. Bxd3 Nxd3 16. Qc2 Nb4 17. Qe4 Qd5 18. Qh4 f6 19. Bh6 Nd3 20. b3 g5 21. Qg4 Bxh6 22. Nf5 Kh8 23. Nxh6 Nf4 24. Rfe1 f5 25. Qg3 Ne6 26. h4 g4 27. Ng5 Nxg5 28. hxg5 Qe6 29. f3 gxf3 30. gxf3 f4 31. Qh4 Nd5 32. Kh1 Ne3 33. Rg1 Qg6 34. e6 Nf5 35. Nxf5 Rxf5 36. Rae1 Rg8 37. Re4 h6 38. Re5 Rxe5 39. dxe5 Qxe6 40. Rg2 Rf8 41. gxh6 b5 42. h7 Qf5 43. Qxe7 Qb1+ 44. Kh2 Qxh7+ 45. Qxh7+ Kxh7 46. Kh3 Kh6 47. Kh4 Re8 48. Re2 Kg6 49. Kg4 Rc8 50. Kxf4 c5 51. Rc2 c4 52. bxc4 bxc4 53. Rc3 Rf8+ 54. Kg4 1-0

[Event "Budapest Herbstlich"]
[Site "Budapest"]
[Date "1990.??.??"]
[Round "6"]
[White "Moskalenko, Viktor"]
[Black "Muse, Mladen"]
[Result "1/2-1/2"]
[WhiteElo "2515"]
[BlackElo "2430"]
[PlyCount "89"]
[EventDate "1990.09.??"]
[Source "ChessBase"]

1. d4 Nf6 2. c4 g6 3. Nc3 d5 4. Nf3 Bg7 5. Qb3 dxc4 6. Qxc4 O-O 7. e4 Nc6 8. Bf4 Nd7 9. Rd1 Nb6 10. Qd3 Nxd4 11. Nxd4 e5 12. Be3 exd4 13. Bxd4 Bxd4 14. Qxd4 Qxd4 15. Rxd4 Be6 16. h4 Rfd8 17. Rxd8+ Rxd8 18. h5 Rd4 19. f3 Rb4 20. b3 a5 21. Nb5 c6 22. Nd6 Nd7 23. Bc4 Bxc4 24. Nxc4 a4 25. Kd2 axb3 26. Kc3 Rb5 27. axb3 Nc5 28. Rb1 gxh5 29. Nd6 Rb6 30. Nf5 f6 31. Kc4 Nd7 32. Rd1 Ne5+ 33. Kc3 Rb5 34. Rd8+ Kf7 35. Rh8 Rc5+ 36. Kd4 Rc2 37. Rxh7+ Kf8 38. f4 Nf7 39. g3 Rb2 40. e5 fxe5+ 41. fxe5 Rd2+ 42. Kc3 Rd5 43. Nh4 Nxe5 44. Rh8+ Kf7 45. Rh7+ 1/2-1/2

[Event "NOR Ch"]
[Site "Norway"]
[Date "1994.??.??"]
[Round "6"]
[White "Tisdall, Jonathan D"]
[Black "Ostenstad, Berge"]
[Result "0-1"]
[WhiteElo "2465"]
[BlackElo "2475"]
[PlyCount "98"]
[EventDate "1994.??.??"]
[Source "www.chesslib.no"]
[SourceDate "2004.05.04"]

1. d4 Nf6 2. c4 g6 3. Nc3 d5 4. Nf3 Bg7 5. Qb3 dxc4 6. Qxc4 O-O 7. e4 Nc6 8. Be2 Nd7 9. d5 Na5 10. Qa4 c5 11. Bd2 b6 12. O-O a6 13. Rad1 Nb7 14. Rfe1 Qc7 15. Bg5 Qd6 16. Nd2 Bd4 17. Qc6 b5 18. Qxd6 exd6 19. Nb3 Bg7 20. Bf4 Nb6 21. Rd2 Re8 22. f3 Bd7 23. Rc1 b4 24. Nd1 a5 25. Kf1 a4 26. Na1 Be5 27. Bxe5 Rxe5 28. Nc2 f5 29. exf5 Bxf5 30. Nce3 Bd7 31. Kf2 Rae8 32. Bd3 Nd8 33. Be4 Nf7 34. h4 Kg7 35. Kg3 Nh6 36. Nf2 Ng8 37. Nc4 Nxc4 38. Rxc4 Nf6 39. Kf4 Nh5+ 40. Ke3 Ng3 41. Rc1 Bb5 42. Rdd1 Nf5+ 43. Kf4 Nxh4 44. Ng4 R5e7 45. Kg5 Nxg2 46. Rg1 h6+ 47. Nxh6 Re5+ 48. Kg4 Ne3+ 49. Kf4 Nxd5+ 0-1

[Event "Gibraltar Masters"]
[Site "Catalan Bay"]
[Date "2004.01.29"]
[Round "3"]
[White "Epishin, Vladimir"]
[Black "Howell, David"]
[Result "1/2-1/2"]
[WhiteElo "2633"]
[BlackElo "2304"]
[PlyCount "87"]
[EventDate "2004.01.27"]
[Source "Roberto Alvarez"]
[SourceDate "2004.02.09"]

1. d4 Nf6 2. c4 g6 3. Nc3 d5 4. Nf3 Bg7 5. Qb3 dxc4 6. Qxc4 O-O 7. e4 Nc6 8. Bg5 Bg4 9. O-O-O Nd7 10. e5 Nb6 11. Qc5 f6 12. Be3 fxe5 13. dxe5 Qc8 14. h4 Qe6 15. Ng5 Qxe5 16. f3 Qxc5 17. Bxc5 Bc8 18. Bb5 h6 19. Nge4 Be6 20. Rhe1 Kf7 21. Bf2 a6 22. Bxc6 bxc6 23. Nc5 Bd5 24. Bd4 Bf6 25. Bxf6 exf6 26. Rd4 a5 27. N5a4 Rad8 28. Red1 Rfe8 29. b3 Rd6 30. R1d2 Red8 31. Nc5 Ra8 32. Kd1 Ke7 33. Ke2 Bf7 34. N5e4 Rxd4 35. Rxd4 Bd5 36. Nc5 Kd6 37. Nd3 g5 38. Kf2 Nd7 39. Ne4+ Ke7 40. hxg5 hxg5 41. Nc3 Kd6 42. Ne4+ Ke7 43. Nc3 Kd6 44. Ne4+ 1/2-1/2

[Event "Chicago op"]
[Site "Chicago"]
[Date "1997.??.??"]
[Round "6"]
[White "Kaufman, Larry C"]
[Black "Kudrin, Sergey"]
[Result "0-1"]
[WhiteElo "2405"]
[BlackElo "2515"]
[PlyCount "116"]
[EventDate "1997.05.26"]
[Source "www.chesslib.no"]
[SourceDate "2004.05.04"]

1. d4 Nf6 2. c4 g6 3. Nc3 d5 4. Nf3 Bg7 5. Qb3 dxc4 6. Qxc4 O-O 7. e4 Nc6 8. Be2 Nd7 9. Be3 Nb6 10. Qc5 Bg4 11. Rd1 Qd6 12. e5 Qxc5 13. dxc5 Nc8 14. h3 Bxf3 15. Bxf3 Bxe5 16. Rd7 a6 17. Bxc6 bxc6 18. f4 Bf6 19. Rxc7 Na7 20. O-O Nb5 21. Rxc6 Bxc3 22. bxc3 Nxc3 23. Bd2 Nd5 24. Rb1 Rfd8 25. Kf2 Kf8 26. Rb7 Ke8 27. Ba5 Rdc8 28. Rxc8+ Rxc8 29. Bb6 Nxf4 30. Ra7 Nd3+ 31. Kf3 Nxc5 32. Bxc5 Rxc5 33. Rxa6 Rc3+ 34. Kf2 f6 35. Ra7 g5 36. a4 h5 37. a5 h4 38. a6 Ra3 39. Ra8+ Kf7 40. a7 Ke6 41. Ke2 Ke5 42. Kf2 Kf4 43. Rb8 Ra2+ 44. Kg1 Rxa7 45. Rb4+ Kf5 46. Kf2 Ra2+ 47. Kf3 Ra3+ 48. Kf2 e5 49. Rb6 e4 50. Rc6 Ke5 51. Rb6 f5 52. Rg6 Kf4 53. Rg8 Ra2+ 54. Kf1 e3 55. Rb8 Kg3 56. Rg8 g4 57. hxg4 f4 58. g5 h3 0-1